Trust Issues - Drake (All Lyrics) - Statistics

General Stats
  • This quiz has been taken 224 times
  • The average score is 326 of 500
Answer Stats
Lyrics % Correct
I
99%
i
99%
is
96%
a
94%
the
91%
you
88%
you,
88%
that
87%
and
85%
I'm
85%
i'm
85%
money
85%
on
85%
me
84%
me,
84%
trust
84%
all
83%
from
83%
it,
83%
it
83%
dont
82%
don't
82%
don't,
82%
care
80%
issues
80%
one,
80%
one
80%
about
79%
fuck
78%
to
78%
could
77%
city
76%
oh
75%
only
75%
real
75%
be
74%
got
74%
got,
74%
no
74%
shit
73%
so
73%
drink
72%
my
72%
get
71%
pink
71%
some
71%
purple,
70%
give
69%
how
69%
really
69%
excuse
68%
yeah,
68%
yeah
68%
in
67%
it's
67%
somebody
67%
feel
66%
mix
66%
sip
66%
they
66%
told
66%
two
66%
smoke
65%
young
65%
i'mma
64%
know
64%
older,
64%
cause
63%
'cause
63%
done
63%
drake,
63%
getting
63%
cups
62%
like
62%
white
62%
'til
60%
bitches
59%
drizzy
59%
strong
59%
tell
59%
tell,
59%
what
59%
let
57%
more
57%
should've
57%
these
57%
we
57%
you're
57%
when
56%
catch
55%
side
55%
up
55%
north
54%
might
53%
might,
53%
of
53%
call
52%
friends
52%
but
51%
depending
51%
people
51%
slipping
51%
stay
51%
back
50%
good
50%
i'ma
50%
out
50%
then
50%
until
50%
feelings
49%
show
49%
supposed
49%
uh
49%
uh,
49%
bunch
48%
can
48%
excite
48%
motherfuckin'
48%
new
48%
said
48%
them
48%
certain
47%
let's,
47%
let's
47%
game,
46%
have
46%
teach
46%
way
45%
never
44%
see
44%
put
43%
knew
42%
same
42%
acting
41%
different
41%
ever
41%
eyes
41%
myself
41%
whoa,
41%
whoa
41%
girls
40%
something
40%
check
39%
hate
39%
i'll
39%
look
39%
run
39%
where
39%
sipping,
38%
courtside
37%
'em
37%
coming
36%
if
36%
make
36%
ain't
35%
crazy
35%
live
35%
that's
35%
created
34%
drank
34%
guess
34%
sitting
34%
still,
34%
women
34%
faded,
33%
a.m
32%
drives
32%
kick
32%
aw,
29%
aw
29%
been
29%
ive
29%
why
29%
with
29%
for
28%
table
28%
yes,
28%
day
27%
lately
27%
think
27%
want
27%
y'all
27%
wasted
26%
p.m
25%
say
25%
cell
24%
find
24%
man
24%
phones
24%
time
24%
leave
23%
probably
23%
scared
22%
their
22%
looking
20%
things
20%
they're
16%
just
15%
would
15%
wish
14%
hating,
10%
him,
9%
No matching quizzes found
Score Distribution
Percent of People with Each Score
Percentile by Number Answered
Your Score History
You have not taken this quiz